000
00386nam a2200133Ia 4500
008
151001s9999||||xx |||||||||||||| ||und||
100
_a
केशव दत्ता
245
_a
रात्र थोडी सोंगे फार
250
_a
1
260
_b
मॅजेस्टीक प्रकाशन मुंबई
260
_c
1973
300
_a
85
365
_b
18
999
_c
955674
_d
955671